Score 0/16 Timer 03:00
0 Plays Today
Scrambled Kitchen Item Answer % Correct
EWNI CRKAWine Rack
93.8%
UTRFI WOLBFruit Bowl
91.7%
WLSO KOCREOSlow Cooker
87.9%
NEEDBLRBlender
87.4%
NSOGTTongs
81.7%
TGTCUIN ORBDACutting Board
81.5%
IVNEKSKnives
79.2%
EALLDLadle
79%
Scrambled Kitchen Item Answer % Correct
LPTSAUASpatula
70.8%
IMAGERUNS UCPSMeasuring Cups
65.2%
AOTTERSToaster
63.5%
CREAMIVOWMicrowave
55.5%
OEVTPTSOStovetop
50.3%
CANPAUSESaucepan
44.9%
CARSSUESaucers
19.3%
OEPTSNOATeaspoon
13.8%
Remove Ads.
Support Sporcle.
Get the best of Sporcle when you Go Orange. This ad-free experience offers more features, more stats, and more fun while also helping to support Sporcle. Thank you for becoming a member.

You're not logged in!

Compare scores with friends on all Sporcle quizzes.
OR
Log In

Show Comments

Extras

Top Quizzes Today


Score Distribution

Your Account Isn't Verified!

In order to create a playlist on Sporcle, you need to verify the email address you used during registration. Go to your Sporcle Settings to finish the process.

Report this User

Report this user for behavior that violates our Community Guidelines.

Details: